Library of the University of Algiers 3
Ibrahim Sultan Cheibout
شعار جامعة الجزائر 3
مكتبة جامعة الجزائر 3
إبراهيم سلطان شيبوط

الأساليب الكمية في العلوم الإدارية / (رقم التسجيلة. 43166)

تفاصيل مارك
000 -LEADER
fixed length control field 01086nam a2200253Ia 4500
003 - CONTROL NUMBER IDENTIFIER
control field Ost
005 - DATE AND TIME OF LATEST TRANSACTION
control field 20260507075127.0
008 - FIXED-LENGTH DATA ELEMENTS--GENERAL INFORMATION
fixed length control field 260507s9999||||xx |||||||||||||| ||und||
040 ## - CATALOGING SOURCE
Transcribing agency fsecg
041 ## - LANGUAGE CODE
Language code of text/sound track or separate title ara
082 ## - DEWEY DECIMAL CLASSIFICATION NUMBER
Classification number 330
100 ## - MAIN ENTRY--PERSONAL NAME
Personal name الحميد، محمد دباس
Relator term مؤلف
245 #0 - TITLE STATEMENT
Title الأساليب الكمية في العلوم الإدارية /
Statement of responsibility, etc. محمد دباس الحميد
260 ## - PUBLICATION, DISTRIBUTION, ETC.
Place of publication, distribution, etc. عمان:
Name of publisher, distributor, etc. دار اليازوري,
Date of publication, distribution, etc. 2006
300 ## - PHYSICAL DESCRIPTION
Extent 192 صفحة؛
Other physical details إيضاحات ؛
Dimensions 25 سم
504 ## - BIBLIOGRAPHY, ETC. NOTE
Bibliography, etc. note مصطحات علمية
520 ## - SUMMARY, ETC.
Summary, etc. البرمجة الخطية- فرضيات البرمجة الخطية متطلباتها- استخدامات البرمجة الخطية- النمذجة-البرمجة الرياضية- التطبيق الإقتصادي لمشكلة البرمجة الخطية
653 ## - INDEX TERM--UNCONTROLLED
Uncontrolled term الأساليب الكمية
653 ## - INDEX TERM--UNCONTROLLED
Uncontrolled term البرمجات الخطية
653 ## - INDEX TERM--UNCONTROLLED
Uncontrolled term العلوم الإدارية
653 ## - INDEX TERM--UNCONTROLLED
Uncontrolled term النمذجة
700 ## - ADDED ENTRY--PERSONAL NAME
Personal name العزاوي، محمد
Relator term مؤلف ثانوي
942 ## - ADDED ENTRY ELEMENTS (KOHA)
Koha item type كتب
المقتنيات
Withdrawn status Lost status Source of classification or shelving scheme Damaged status Not for loan Home library Current library Date acquired Serial enumeration / chronology Inventory number Total checkouts Full call number Barcode Date last seen Price effective from Koha item type
    Dewey Decimal Classification   NOT LOAN / إعارة داخلية مكتبة كلية العلوم الإقتصادية والعلوم التجارية وعلوم التسيير مكتبة كلية العلوم الإقتصادية والعلوم التجارية وعلوم التسيير 07/05/2026 الطابق الأرضي 2094   أ/2094ن3 2094 07/05/2026 07/05/2026 كتب
    Dewey Decimal Classification   Available مكتبة كلية العلوم الإقتصادية والعلوم التجارية وعلوم التسيير مكتبة كلية العلوم الإقتصادية والعلوم التجارية وعلوم التسيير 07/05/2026 الطابق الثاني 2094/9   أ/2094ن9 2094/9 07/05/2026 07/05/2026 كتب

موارد الويب المفتوحة


© University of Algiers 3 All Rights Reserved
|
Implemented by LECHELAH Riad